| 000 | 00424 a2200121 4500 | ||
|---|---|---|---|
| 001 | ART_45132 | ||
| 005 | 20260410162039.0 | ||
| 008 | 260409a | ||
| 245 | 1 | 0 | _aTrayectoria reciente y perspectivas futuras de la industria naval pesada argentina |
| 100 | 1 | _aFrassa, Juliana | |
| 700 | 1 | _aRusso, Cintia | |
| 773 | 0 |
_tRevista de estudios regionales y mercado de trabajo _g- NÂș 8 (ene./dic. 2012) _wREV44894 |
|
| 999 |
_c34687 _d34687 |
||